[Event "17th IT Zenica 2013"]
[Site "Zenica"]
[Date "2013.12.11"]
[Round "6.4"]
[White "Dizdarevic, Emir"]
[Black "Lajthajm, Borko"]
[Result "1/2-1/2"]
[WhiteElo "2505"]
[BlackElo "2514"]
[PlyCount "59"]
[EventDate "2013.12.08"]

1. Nf3 d5 2. g3 Nf6 3. Bg2 c6 4. O-O Nbd7 5. d4 g6 6. Nbd2 Bg7 7. c3 O-O 8. Qc2
Re8 9. e4 dxe4 10. Nxe4 Nxe4 11. Qxe4 e5 12. Re1 Nf6 13. Qh4 exd4 14. Rxe8+
Qxe8 15. Bg5 Qd8 16. Nxd4 Qd6 17. Re1 Bd7 18. Qf4 Qxf4 19. Bxf4 Re8 20. Rxe8+
Nxe8 21. Nb3 Bf8 22. Na5 Bc8 23. Be3 a6 24. a4 Nc7 25. Nb3 Bd6 26. Bc5 Ne8 27.
f4 Kf8 28. Kf2 Ke7 29. Ke3 Be6 30. Bxd6+ 1/2-1/2

[Event "17th IT Zenica 2013"]
[Site "Zenica"]
[Date "2013.12.11"]
[Round "6.5"]
[White "Trkulja, Goran"]
[Black "Kadric, Denis"]
[Result "0-1"]
[WhiteElo "2366"]
[BlackElo "2471"]
[PlyCount "94"]
[EventDate "2013.12.08"]

1. e4 d6 2. d4 Nf6 3. Nc3 e5 4. Nf3 exd4 5. Qxd4 Be7 6. Bf4 O-O 7. O-O-O Nc6 8.
Qd2 Be6 9. Kb1 a6 10. Bd3 Nb4 11. Be2 d5 12. Ng5 dxe4 13. Nxe6 fxe6 14. Qe3
Nbd5 15. Qg3 Bd6 16. Be5 Bxe5 17. Qxe5 Qd6 18. Qd4 Nxc3+ 19. Qxc3 Nd5 20. Qb3
Qb6 21. Qxb6 Nxb6 22. f3 exf3 23. Bxf3 c6 24. Rhe1 Rae8 25. Rd3 Re7 26. Rb3 Nd5
27. c4 Nf6 28. Rbe3 Rfe8 29. g4 Nd7 30. g5 g6 31. Bg4 Nf8 32. Re5 Kg7 33. Kc2
Rf7 34. Kc3 h5 35. Bh3 Rf3+ 36. R5e3 Rxe3+ 37. Rxe3 e5 38. Bg2 h4 39. Re4 Nh7
40. Rg4 Rf8 41. a4 h3 42. Be4 Rf2 43. a5 Rxh2 44. b4 Re2 45. Kd3 Ra2 46. Bf3 h2
47. Ke4 Rf2 0-1

[Event "17th IT Zenica 2013"]
[Site "Zenica"]
[Date "2013.12.12"]
[Round "7.1"]
[White "Kadric, Denis"]
[Black "Yilmazyerli, Mert"]
[Result "1/2-1/2"]
[WhiteElo "2471"]
[BlackElo "2413"]
[PlyCount "24"]
[EventDate "2013.12.08"]

1. e4 g6 2. d4 Bg7 3. Nc3 d6 4. f4 a6 5. Nf3 b5 6. Bd3 Nd7 7. a4 b4 8. Ne2 c5
9. c3 Bb7 10. cxb4 cxd4 11. Nexd4 Ngf6 12. Qe2 O-O 1/2-1/2

[Event "17th IT Zenica 2013"]
[Site "Zenica"]
[Date "2013.12.12"]
[Round "7.2"]
[White "Lajthajm, Borko"]
[Black "Trkulja, Goran"]
[Result "1-0"]
[WhiteElo "2514"]
[BlackElo "2366"]
[PlyCount "69"]
[EventDate "2013.12.08"]

1. Nf3 g6 2. d4 Bg7 3. c4 d6 4. Nc3 Nf6 5. g3 O-O 6. Bg2 Nbd7 7. O-O e5 8. b3
Re8 9. Qc2 Rb8 10. Rd1 exd4 11. Nxd4 a6 12. Bb2 Qe7 13. Nd5 Nxd5 14. cxd5 Nb6
15. Rac1 Na8 16. e3 Bg4 17. Rd2 Rbc8 18. h3 Bd7 19. a4 h5 20. a5 f5 21. h4 Rf8
22. b4 Bf6 23. Qb3 Rb8 24. Ne2 g5 25. Bxf6 Qxf6 26. hxg5 Qxg5 27. Rd4 Be8 28.
Rh4 Bf7 29. Qd3 b6 30. Qxa6 bxa5 31. bxa5 Rb2 32. Nf4 Rfb8 33. Bf3 Be8 34. Bxh5
Bb5 35. Qa7 1-0

[Event "17th IT Zenica 2013"]
[Site "Zenica"]
[Date "2013.12.12"]
[Round "7.4"]
[White "Urosevic, Aleksandar"]
[Black "Djukic, Nikola"]
[Result "0-1"]
[WhiteElo "2280"]
[BlackElo "2539"]
[PlyCount "104"]
[EventDate "2013.12.08"]

1. Nf3 Nf6 2. c4 g6 3. Nc3 Bg7 4. e4 d6 5. d4 O-O 6. Be2 e5 7. O-O Nc6 8. d5
Ne7 9. b4 a5 10. Ba3 b6 11. bxa5 Nh5 12. g3 f5 13. Ng5 Nf6 14. f3 Rxa5 15. Bb4
Ra8 16. a4 Kh8 17. Kg2 h6 18. Nh3 Ne8 19. Nb5 Rf6 20. Nf2 h5 21. Bd2 Qd7 22.
Qe1 c6 23. dxc6 Nxc6 24. Be3 Rb8 25. Qd2 Qf7 26. Bg5 Re6 27. Rab1 Bf6 28. Nh3
Qd7 29. Be3 h4 30. g4 Bd8 31. Bg1 Qg7 32. Rfd1 Bb7 33. Nf2 Ra8 34. Qc2 Nf6 35.
Kf1 fxg4 36. fxg4 Ne8 37. Nh3 Nc7 38. Ke1 Nxb5 39. cxb5 Nd4 40. Qa2 Re8 41. Rb4
Bxe4 42. Rdxd4 exd4 43. g5 Kh7 44. Bxd4 Qd7 45. Ba1 d5 46. Qb2 Ra7 47. Nf2 Bxg5
48. Nxe4 dxe4 49. Rd4 Qf5 50. Qb4 Rf7 51. Kd1 Be3 52. Rc4 Rd7+ 0-1

[Event "17th IT Zenica 2013"]
[Site "Zenica"]
[Date "2013.12.12"]
[Round "7.5"]
[White "Radic, Bojan"]
[Black "Muratovic, Enver"]
[Result "1-0"]
[WhiteElo "2209"]
[BlackElo "2277"]
[PlyCount "101"]
[EventDate "2013.12.08"]

1. e4 e6 2. d3 d5 3. Qe2 Nf6 4. Nf3 b6 5. g3 dxe4 6. dxe4 Ba6 7. c4 Bb4+ 8. Bd2
Bxd2+ 9. Nbxd2 Nc6 10. e5 Nd7 11. Bg2 Bb7 12. O-O Qe7 13. a3 a5 14. Nb3 a4 15.
Nbd4 Ndxe5 16. Nxe5 Nxd4 17. Qg4 Bxg2 18. Qxg7 Qf8 19. Qxf8+ Rxf8 20. Kxg2
O-O-O 21. Rad1 f6 22. Nd3 c5 23. Nc1 Kb7 24. Na2 Ka6 25. Nc3 Ka5 26. Rfe1 Rd6
27. Re4 Rfd8 28. Rh4 R6d7 29. Rh6 Rf7 30. Ne4 f5 31. Ng5 Re7 32. Rxh7 Rxh7 33.
Nxh7 b5 34. Ng5 bxc4 35. h4 Rb8 36. h5 Rh8 37. Rh1 Rh6 38. Nf7 Rh7 39. Ne5 c3
40. bxc3 Nc2 41. f3 Ne3+ 42. Kf2 f4 43. g4 Rb7 44. Nd3 e5 45. h6 c4 46. Nb4 Rh7
47. g5 Nf5 48. Rh5 Ne7 49. Nc6+ Nxc6 50. g6 Rb7 51. h7 1-0

[Event "17th IT Zenica 2013"]
[Site "Zenica"]
[Date "2013.12.13"]
[Round "8.1"]
[White "Yilmazyerli, Mert"]
[Black "Muratovic, Enver"]
[Result "1-0"]
[WhiteElo "2413"]
[BlackElo "2277"]
[PlyCount "81"]
[EventDate "2013.12.08"]

1. e4 e6 2. d4 d5 3. Nd2 c5 4. Ngf3 Nc6 5. Bb5 a6 6. exd5 axb5 7. dxc6 bxc6 8.
dxc5 Bxc5 9. O-O Nf6 10. Nb3 Qxd1 11. Rxd1 Bb6 12. Be3 Bxe3 13. fxe3 Nd7 14.
Rd6 c5 15. Rad1 Ke7 16. Rc6 c4 17. Nbd4 Rxa2 18. Nxb5 Rxb2 19. Na7 Bb7 20. Rc7
Bd5 21. e4 Rb7 22. exd5 Rxc7 23. d6+ Kd8 24. dxc7+ Kxc7 25. Nb5+ Kc6 26. Nd6 f6
27. Nxc4 e5 28. Rd6+ Kc7 29. Re6 Kd8 30. Nfd2 Re8 31. Ra6 Ke7 32. Kf2 Rc8 33.
Ra7 Rc6 34. Ne3 Ke6 35. c4 h5 36. Ne4 g6 37. Kf3 Rb6 38. h4 f5 39. Ng5+ Kd6 40.
c5+ Kxc5 41. Rxd7 1-0

[Event "17th IT Zenica 2013"]
[Site "Zenica"]
[Date "2013.12.13"]
[Round "8.2"]
[White "Djukic, Nikola"]
[Black "Radic, Bojan"]
[Result "1-0"]
[WhiteElo "2539"]
[BlackElo "2209"]
[PlyCount "26"]
[EventDate "2013.12.08"]

1. e4 c5 2. Nf3 d6 3. d4 cxd4 4. Nxd4 Nf6 5. Nc3 g6 6. Be2 Bg7 7. O-O Nc6 8.
Nb3 O-O 9. Bg5 Be6 10. Re1 Rc8 11. Bf1 h6 12. Bh4 Na5 13. e5 dxe5 1-0

[Event "17th IT Zenica 2013"]
[Site "Zenica"]
[Date "2013.12.13"]
[Round "8.3"]
[White "Dizdarevic, Emir"]
[Black "Urosevic, Aleksandar"]
[Result "1-0"]
[WhiteElo "2505"]
[BlackElo "2280"]
[PlyCount "41"]
[EventDate "2013.12.08"]

1. Nf3 d5 2. g3 g6 3. c4 d4 4. b4 Bg7 5. d3 e5 6. Nbd2 Ne7 7. Nb3 b6 8. Bg2 Bb7
9. O-O O-O 10. a4 Nd7 11. Ba3 Re8 12. b5 c5 13. bxc6 Nxc6 14. Nfd2 Bf8 15. Bxf8
Nxf8 16. a5 Nxa5 17. Nxa5 Bxg2 18. Kxg2 bxa5 19. Qa4 Rb8 20. Ne4 f5 21. Qxe8
1-0

[Event "17th IT Zenica 2013"]
[Site "Zenica"]
[Date "2013.12.13"]
[Round "8.4"]
[White "Trkulja, Goran"]
[Black "Drasko, Milan"]
[Result "1-0"]
[WhiteElo "2366"]
[BlackElo "2459"]
[PlyCount "53"]
[EventDate "2013.12.08"]

1. e4 e6 2. d4 d5 3. Nc3 Bb4 4. e5 c5 5. a3 Bxc3+ 6. bxc3 Ne7 7. Qg4 Kf8 8. Qd1
Qa5 9. Bd2 Qc7 10. Nf3 h6 11. a4 Kg8 12. h4 b6 13. h5 cxd4 14. cxd4 Ba6 15. Bb5
Bxb5 16. axb5 a5 17. Bb4 Ra7 18. Bd6 Qc3+ 19. Kf1 Kh7 20. g4 Rc8 21. Kg2 Rb7
22. Ra2 Qc4 23. Qb1 f5 24. g5 Ng8 25. Rd1 Kh8 26. Rd3 hxg5 27. Nd2 1-0

[Event "17th IT Zenica 2013"]
[Site "Zenica"]
[Date "2013.12.13"]
[Round "8.5"]
[White "Kadric, Denis"]
[Black "Lajthajm, Borko"]
[Result "1/2-1/2"]
[WhiteElo "2471"]
[BlackElo "2514"]
[PlyCount "78"]
[EventDate "2013.12.08"]

1. e4 e5 2. Bc4 Nc6 3. Nf3 Be7 4. O-O d6 5. a4 Nf6 6. d3 O-O 7. a5 a6 8. Re1
Bg4 9. h3 Be6 10. Nc3 Qd7 11. Ng5 Bxc4 12. dxc4 h6 13. Nf3 Nd8 14. Be3 Qe6 15.
Qd3 Rc8 16. Nh4 Nxe4 17. Qxe4 f5 18. Nxf5 Qxf5 19. Qxf5 Rxf5 20. Nd5 Rf7 21.
Nxe7+ Rxe7 22. Red1 Nf7 23. c5 Re6 24. cxd6 cxd6 25. c3 Kf8 26. Ra4 Rc7 27. Rb4
Ke7 28. c4 Nd8 29. Rd5 Nc6 30. Rb6 Nb8 31. c5 dxc5 32. Bxc5+ Kf7 33. Rxe6 Kxe6
34. Rd6+ Kf7 35. Ba7 Nd7 36. Bb6 Rc1+ 37. Kh2 Ke7 38. Rg6 Kf7 39. Rd6 Ke7
1/2-1/2

[Event "17th IT Zenica 2013"]
[Site "Zenica"]
[Date "2013.12.14"]
[Round "9.2"]
[White "Drasko, Milan"]
[Black "Kadric, Denis"]
[Result "1/2-1/2"]
[WhiteElo "2459"]
[BlackElo "2471"]
[PlyCount "44"]
[EventDate "2013.12.08"]

1. Nf3 Nf6 2. g3 b5 3. b3 Bb7 4. Bg2 e6 5. c4 b4 6. O-O Be7 7. a3 a5 8. axb4
axb4 9. Rxa8 Bxa8 10. Bb2 O-O 11. Qc2 c5 12. Ng5 Bxg2 13. Bxf6 g6 14. Nxf7 Rxf7
15. Bxe7 Rxe7 16. Kxg2 Nc6 17. e3 Qa8 18. f3 Rf7 19. d3 Ne5 20. Nd2 Ng4 21. Re1
Ne5 22. Rf1 Ng4 1/2-1/2

[Event "17th IT Zenica 2013"]
[Site "Zenica"]
[Date "2013.12.14"]
[Round "9.4"]
[White "Radic, Bojan"]
[Black "Dizdarevic, Emir"]
[Result "0-1"]
[WhiteElo "2209"]
[BlackElo "2505"]
[PlyCount "98"]
[EventDate "2013.12.08"]

1. e4 c5 2. Nf3 e6 3. d4 cxd4 4. Nxd4 a6 5. Bd3 Nf6 6. Nc3 Qc7 7. Be3 Nc6 8.
Nb3 b5 9. a3 Be7 10. f4 O-O 11. e5 Ne8 12. Ne4 d6 13. exd6 Nxd6 14. Nxd6 Bxd6
15. Qf3 Bb7 16. Qh3 g6 17. O-O Ne7 18. Nd2 Nf5 19. Bxf5 exf5 20. Rac1 Rfe8 21.
Nb3 Re4 22. Qg3 Rae8 23. Rfe1 h5 24. Qf2 Rxe3 25. Rxe3 Rxe3 26. Qxe3 Bxf4 27.
Qf2 Bxh2+ 28. Kh1 Bg3 29. Qd4 Qc6 30. Rg1 Qxc2 31. Nc5 Bc6 32. Qd8+ Kg7 33.
Qd4+ Kh7 34. Nxa6 Bf2 35. Nb4 Bxd4 36. Nxc2 Bxg1 37. Kxg1 Kg7 38. Nd4 Bd7 39.
Kf2 Kf6 40. g3 Ke5 41. Ke3 f6 42. Nf3+ Kd5 43. b3 g5 44. Ne1 Kd6 45. Nd3 Bc6
46. Nb4 f4+ 47. gxf4 g4 48. Nd3 h4 49. f5 h3 0-1